Flaggen Südamerikas zur Hauptstadt - Statistiken

Allgemein
  • Dieses Quiz wurde 144 mal gespielt
  • Das Durchschnittsergebnis liegt bei 9 aus 12
Antwortstatistiken
Bildquiz Antwort % Korrekt
Brasilia
98%
Lima
84%
Buenos Aires
81%
Santiago
81%
Bogota
76%
Montevideo
75%
Caracas
65%
Quito
65%
Sucre
60%
Asuncion
59%
Georgetown
56%
Paramaribo
53%
Keine übereinstimmenden Quizze gefunden
Verteilung der Resultate
Anzahl Personen mit jedem Resultat
Perzentil nach korrekt beantworteten Fragen
Ihre Resultats-Entwicklung
Sie haben dieses Quiz noch nicht gespielt